On This Day: September 19th Quiz Stats

 Plays Quiz Updated Sep 19, 2017

Challenge
Share
Tweet
Embed
Score 0/7 Timer 03:00
0 Plays Today
Question Answer Wrong Answers
The ______ military stages a coup in Bangkok. The Constitution is revoked and martial law is declared.
2006
Thai
79.7%
Laotian
3.4%
Vietnamese
5%
Chinese
8.8%
An armistice between this nation and Soviet Union is signed, marking the end of the Continuation War.
1944
Finland
68.1%
Denmark
9.2%
Iceland
3.6%
United Kingdom
18%
This American comedian and late-night talk show host, who was a cast member on ‘Saturday Night Live’ from 1998–2004, is born.
1974
Jimmy Fallon
67.2%
Seth Meyers
12.6%
Jimmy Kimmel
10.6%
Conan O'Brien
7.8%
Mariano Rivera of the New York Yankees surpasses Trevor Hoffman to become Major League Baseball's all time ______ leader with 602.
2011
Saves
62%
Wins
12.7%
Assists
15.8%
Errors
6.2%
Having invaded the Papal States a week earlier, the ______ Army lays siege to Rome, entering the city the next day. The Pope describes himself as a ‘Prisoner in the Vatican’.
1870
Italian
55.5%
French
19.6%
British
6.9%
German
18%
This woman and other political wives from the Parents Music Resource Center host Frank Zappa and other musicians to testify at US Congressional hearings on obscenity in rock music.
1985
Tipper Gore
52%
Barbara Bush
8.4%
Nancy Reagan
31.7%
Marilyn Quayle
5.3%
US President James A. Garfield dies of wounds suffered in a July 2 shooting, and this man becomes President the next day.
1881
Chester A. Arthur
50.9%
Grover Cleveland
20.6%
Rutherford B. Hayes
16.1%
Benjamin Harrison
11.7%

Today's Daily Dose

Missing Word
Madam, I'm Adam

Quick Pick
Meat vs Animal

On This Day
October 21st II

You're not logged in!

Compare scores with friends on all Sporcle quizzes.
Join for Free
OR
Log In

You Might Also Like...

Show Comments

Extras

Top Quizzes Today


Score Distribution

Your Account Isn't Verified!

In order to create a playlist on Sporcle, you need to verify the email address you used during registration. Go to your Sporcle Settings to finish the process.

Report this User

Report this user for behavior that violates our Community Guidelines.

Details: